00418nam a22001457a 450000500170000001000150001702000260003203500140005803700130007208200100008524500500009526000450014527000660019030000160025620180129124253.0 aENG-122162 a9780199474981c695.00 aEN-105694 bDBAD/PUB a880.8 aLiterary activism /cedited by Amit Chaudhuri aNew DelhibOxford University Pressc2017 a2/11 Ground Floor, Ansari Road, Daryaganj bNew Delhie110002 a369p.c24cm